Statistics for Counties of Sweden

Click here to take the quiz!

General Stats

  • This quiz has been taken 1,125 times
  • The average score is 12 of 21

Answer Stats

PopulationCounty% Correct
2,163,042Stockholm
94%
1,274,069Skåne
80%
57,161Gotland
71%
249,436Norrbotten
65%
306,840Halland
61%
261,112Västerbotten
61%
152,757Blekinge
60%
345,481Uppsala
60%
1,615,084Västra Götaland
59%
277,349Dalarna
57%
233,874Kalmar
57%
273,815Värmland
57%
437,848Östergötland
56%
126,461Jämtland
55%
277,569Södermanland
54%
341,235Jönköping
53%
285,395Örebro
52%
277,970Gävleborg
49%
187,156Kronoberg
47%
259,054Västmanland
45%
242,156Västernorrland
40%

Score Distribution

Percentile by Number Answered

Percent of People with Each Score

Your Score History

You have not taken this quiz